[Event "Kislovodsk Narzan op"]
[Site "Kislovodsk"]
[Date "2015.08.09"]
[Round "8"]
[White "Divakov, Oleg"]
[Black "Badalian, Daniel"]
[Result "1/2-1/2"]
[WhiteElo "2142"]
[BlackElo "1775"]
[PlyCount "63"]
[EventDate "2015.08.01"]
[EventType "swiss"]
[EventRounds "9"]
[EventCountry "RUS"]
[SourceTitle "EXT 2016"]
[Source "ChessBase"]
[SourceDate "2015.10.08"]
[SourceVersion "1"]
[SourceVersionDate "2015.10.08"]
[SourceQuality "1"]

1. c4 e5 2. Nc3 Nf6 3. g3 d5 4. cxd5 Nxd5 5. Bg2 Nb6 6. Nf3 Nc6 7. d3 Be7 8. Bd2 0-0 9. 0-0 Re8 10. a4 a5 11. Nb5 Bf6 12. Bc3 Nd4 13. Nfxd4 exd4 14. Bd2 c6 15. Na3 Bg4 16. Re1 Qd7 17. Bf1 Be5 18. Qb3 Bc7 19. Rac1 Qe6 20. Qc2 Nd5 21. Qc4 Qf6 22. Nc2 Bb6 23. Qb3 Re7 24. Na3 Rae8 25. Nc4 Bc7 26. f3 Be6 27. Qa3 Qg6 28. Qc5 Bxg3 29. hxg3 Qxg3+ 30. Kh1 Qh4+ 31. Kg1 Qg3+ 32. Kh1 1/2-1/2

[Event "Kislovodsk Narzan op"]
[Site "Kislovodsk"]
[Date "2015.08.06"]
[Round "5"]
[White "Divakov, Oleg"]
[Black "Karabashev, Sagit"]
[Result "1-0"]
[WhiteElo "2142"]
[BlackElo "2065"]
[PlyCount "80"]
[EventDate "2015.08.01"]
[EventType "swiss"]
[EventRounds "9"]
[EventCountry "RUS"]
[SourceTitle "EXT 2016"]
[Source "ChessBase"]
[SourceDate "2015.10.08"]
[SourceVersion "1"]
[SourceVersionDate "2015.10.08"]
[SourceQuality "1"]

1. d4 d5 2. Nf3 Nf6 3. c4 c6 4. e3 e6 5. Nc3 Bd6 6. Bd3 Nbd7 7. 0-0 0-0 8. Qe2 dxc4 9. Bxc4 e5 10. dxe5 Nxe5 11. Nxe5 Bxe5 12. h3 Qe7 13. Qc2 Qc5 14. Bd3 Be6 15. e4 Rfd8 16. Be3 Bd4 17. Rfe1 g6 18. Rad1 Bxe3 19. Rxe3 Rd7 20. Nd5 Qxc2 21. Nxf6+ Kg7 22. Nh5+ gxh5 23. Bxc2 Rxd1+ 24. Bxd1 Bxa2 25. Bxh5 Rd8 26. Ra3 Bc4 27. Rxa7 Ba6 28. e5 Rb8 29. b4 Kf8 30. f4 Ke7 31. Kf2 Rf8 32. Be2 Bxe2 33. Rxb7+ Ke6 34. Kxe2 Kd5 35. Ke3 h5 36. Rd7+ Kc4 37. Rd4+ Kb5 38. g4 hxg4 39. hxg4 Kb6 40. b5 Kxb5 1-0